Statistics for Football (Soccer) World Club Champions

Click here to take the quiz!

General Stats

  • This quiz has been taken 2,641 times
    (2,637 since last reset)
  • The average score is 25 of 51

Answer Stats

HintAnswer% Correct
1960Real Madrid
96%
1998Real Madrid
96%
2002Real Madrid
96%
2009Barcelona
94%
2011Barcelona
94%
2008Manchester United
91%
1999Manchester United
91%
2001Bayern Munich
80%
1976Bayern Munich
80%
2010Internazionale
73%
1969Milan
73%
2007Milan
73%
1985Juventus
72%
1996Juventus
72%
1990Milan
63%
1989Milan
63%
1997Borussia Dortmund
62%
1972Ajax
61%
1995Ajax
61%
2004Porto
58%
1987Porto
58%
1963Santos
51%
1962Santos
51%
1977Boca Juniors
49%
2003Boca Juniors
49%
2000*Boca Juniors
49%
2006Internacional
47%
1986River Plate
44%
1965Internazionale
41%
1964Internazionale
41%
2000*Corinthians
36%
1974Atletico Madrid
35%
1992São Paulo
33%
2005São Paulo
33%
1993São Paulo
33%
1981Flamengo
32%
1991Red Star Belgrade
28%
1970Feyenoord
23%
1983Grêmio
19%
1961Peñarol
19%
1966Peñarol
19%
1982Peñarol
19%
1984Independiente
16%
1973Independiente
16%
1988Nacional
15%
1971Nacional
15%
1980Nacional
15%
1968Estudiantes de La Plata
14%
1967Racing
11%
1994Vélez Sársfield
11%
1979Olímpia
8%

Score Distribution

Percentile by Number Answered

Percent of People with Each Score

Your Score History

You have not taken this quiz since the last reset